[Event "Renova FIDE GP Zug"]
[Site "Zug SUI"]
[Date "2013.04.24"]
[Round "6.2"]
[White "Radjabov, Teimour"]
[Black "Topalov, Veselin"]
[Result "1/2-1/2"]
[WhiteTitle "GM"]
[BlackTitle "GM"]
[WhiteElo "2793"]
[BlackElo "2771"]
[WhiteFideId "13400924"]
[BlackFideId "2900084"]
[EventDate "2013.04.18"]

1. d4 Nf6 2. c4 e6 3. Nc3 Bb4 4. Qc2 d5 5. cxd5 exd5 6. Bg5 c5 7. dxc5 h6 8. Bh4
g5 9. Bg3 Ne4 10. e3 Qa5 11. Ne2 Bf5 12. Be5 O-O 13. Nd4 Re8 14. Nxf5 Rxe5 15.
Nxh6+ Kg7 16. Ng4 Re7 17. O-O-O Bxc3 18. f3 Qxa2 19. fxe4 Qa1+ 20. Qb1 Bxb2+ 21.
Kc2 Qa4+ 22. Kxb2 Rxe4 23. Rd4 Rxd4 24. exd4 Qxd4+ 25. Ka3 Qxg4 26. Qxb7 Qd4 27.
Qxa8 Qc3+ 28. Ka2 Qc2+ 29. Ka3 Qc3+ 30. Ka2 Qc2+ 31. Ka3 Qc3+ 1/2-1/2